Harry Potter - Statistiques

Statistiques générales
  • Ce quiz a été pris 69 fois
  • Le résultat moyen est 14 sur 15
Statistiques - réponses
Hint Réponse % Correct
Maman Lily
98%
Meilleur ami Ron
98%
Papa James
97%
Meilleure amie Hermione
95%
Poste au quidditch Attrappeur
93%
Maison dans l'école Gryffondor
93%
Nom de l'animal de compagnie Hedwige
93%
Prénoms des enfants Lily-Luna, James-Sirius, Albus-Severus
93%
Nombre d'enfants 3
91%
Cousin Dudley
91%
Tante Patunia
91%
Ecole Poudlard
91%
Femme Ginny
90%
Oncle Vernon
88%
Première petite amie Cho
86%
Aucun quiz correspondant
Distribution des résultats
% des personnes avec chaque résultat
Percentile par nombre de réponses
Votre historique - résultats
Vous n’avez pas pris ce quiz